<?xml version="1.0" encoding="UTF-8"?>
<collection xmlns="http://www.loc.gov/MARC21/slim">
 <record>
  <leader>     na                 </leader>
  <controlfield tag="001">INLIS000000000000185</controlfield>
  <controlfield tag="005">20260427093545</controlfield>
  <datafield tag="035" ind1=" " ind2=" ">
   <subfield code="a">0010-0426000184</subfield>
  </datafield>
  <controlfield tag="007">ta</controlfield>
  <controlfield tag="008">260427                e          0 ind  </controlfield>
  <datafield tag="020" ind1=" " ind2=" ">
   <subfield code="a">9786020674674</subfield>
  </datafield>
  <datafield tag="020" ind1=" " ind2=" ">
   <subfield code="a">9786020674681</subfield>
  </datafield>
  <datafield tag="082" ind1=" " ind2=" ">
   <subfield code="a">158.1</subfield>
  </datafield>
  <datafield tag="084" ind1=" " ind2=" ">
   <subfield code="a">158.1 AND s</subfield>
  </datafield>
  <datafield tag="245" ind1="1" ind2=" ">
   <subfield code="a">Seorang pria yang melalui duka dengan mencuci piring /</subfield>
   <subfield code="c">dr. Andreas kurniawan, Sp.KJ ; penyunting naskah, Nadira Yasmine</subfield>
  </datafield>
  <datafield tag="250" ind1=" " ind2=" ">
   <subfield code="a">Cetakan kedua belas</subfield>
  </datafield>
  <datafield tag="300" ind1=" " ind2=" ">
   <subfield code="a">208 halaman ;</subfield>
   <subfield code="c">20 cm</subfield>
  </datafield>
  <datafield tag="700" ind1="0" ind2=" ">
   <subfield code="a">Nadira Yasmine</subfield>
   <subfield code="e">Penyunting</subfield>
  </datafield>
  <datafield tag="502" ind1=" " ind2=" ">
   <subfield code="a">Ketika menyambut pasien yang sedang berduka, seorang psikiater akan menggali keilmuan yang dimiliki. Dia akan mengulik semua teori duka yang pernah dipelajari di masa kuliah dulu dan mengingat pengalaman dari pasien-pasien sebelumnya. Kemudian, dia menyintesis itu untuk membantu pasien yang sedang berduka di hadapannya.&#13;
&#13;
Tapi, ketika Andreas—seorang psikiater—kehilangan anaknya, dia melakukan hal yang berbeda. Dia melemparkan semua teori tersebut ke luar jendela dan memutuskan untuk mencari makna tentang mengapa ini semua terjadi. Dalam&#13;
pengalamannya, dia menemukan bahwa duka bisa dilalui dengan mencuci piring kotor yang menumpuk di dapur.&#13;
&#13;
Buku ini adalah proses Andreas memaknai kehilangan besar dalam hidupnya. Diceritakan santai dengan tambahan sedikit bumbu humor gelap, buku ini memuat panduan bermanfaat yang langsung bisa diaplikasikan dalam hidup, seperti: “Tutorial Mencuci Piring”, “Tutorial Menyusun Puzzle”, dan tentunya “Tutorial Menerima Kematian Seorang Anak”.&#13;
&#13;
“Hampir semua orang mempertanyakan: apa hubungannya antara duka dan mencuci piring? Jawaban saya adalah duka itu seperti mencuci piring, tidak ada orang yang mau melakukannya, tapi pada akhirnya seseorang perlu melakukannya.”&#13;
&#13;
Ringkas deskripsi&#13;
Informasi Buku&#13;
Bahasa&#13;
: Indonesia&#13;
Tanggal Rilis</subfield>
  </datafield>
  <datafield tag="264" ind1=" " ind2=" ">
   <subfield code="a">Jakarta :</subfield>
   <subfield code="b">Gramedia pustaka utama,</subfield>
   <subfield code="c">2025</subfield>
  </datafield>
  <datafield tag="336" ind1=" " ind2=" ">
   <subfield code="2">rdacontent</subfield>
   <subfield code="a">Teks</subfield>
  </datafield>
  <datafield tag="337" ind1=" " ind2=" ">
   <subfield code="2">rdamedia</subfield>
   <subfield code="a">Tanpa Perantara</subfield>
  </datafield>
  <datafield tag="338" ind1=" " ind2=" ">
   <subfield code="2">rdacarrier</subfield>
   <subfield code="a">Volume</subfield>
  </datafield>
  <datafield tag="100" ind1="0" ind2=" ">
   <subfield code="a">Andreas Kurniawan</subfield>
   <subfield code="e">Pengarang</subfield>
  </datafield>
  <datafield tag="650" ind1=" " ind2="4">
   <subfield code="a">Pengembangan diri</subfield>
  </datafield>
  <datafield tag="990" ind1=" " ind2=" ">
   <subfield code="a">AT000302/25</subfield>
  </datafield>
  <datafield tag="990" ind1=" " ind2=" ">
   <subfield code="a">PT000468/25</subfield>
  </datafield>
  <datafield tag="990" ind1=" " ind2=" ">
   <subfield code="a">SP000559/25</subfield>
  </datafield>
  <datafield tag="990" ind1=" " ind2=" ">
   <subfield code="a">KC000769/25</subfield>
  </datafield>
  <datafield tag="990" ind1=" " ind2=" ">
   <subfield code="a">PP000747/25</subfield>
  </datafield>
  <datafield tag="990" ind1=" " ind2=" ">
   <subfield code="a">TT001564/25</subfield>
  </datafield>
  <datafield tag="990" ind1=" " ind2=" ">
   <subfield code="a">NM002085/25</subfield>
  </datafield>
 </record>
</collection>
